| Registos Bibliográficos associados ao registo de autoridade |
|
Etiqueta de registo: 00379nas 2200205 450 001 2283186 003 http://id.bnportugal.gov.pt/bib/catbnp/2283186 100 ## $a20260329b19841989d y0pory01030103ba 101 0# $apor 102 ## $aPT 106 ## $ae 110 ## $accazz 0uu0 200 1# $a O Catraio$fcoord. Alice Vieira 207 #0 $a[Nº 1 (14 fev. 1984) - nº 291 (31 dez. 1989)] 210 #9 $aLisboa$cEmpresa Pública de Notícias,$d[1984-1989] 215 ## $d33 cm 304 ## $aPropriedade da Empresa Pública de Notícias 312 ## $aSuplemento destacável, publicado como parte integrante do jornal Diário de Notícias 317 ## $aColeção Leandro de Moraes Sarmento$5PTBN: L.M.S. 304 326 ## $aSemanal 422 #1 $100190456$tDiário de notícias$cLisboa$bTypographia Universal,$d1864-$x0870-1954 606 ## $aLiteratura infantil$x[Periódicos]$2SIPOR$31992910 620 ## $dLisboa 675 ## $a087.5(05)$vBN$zpor$3288171 702 #1 $aVieira,$bAlice,$f1943-$4300$328921 712 02 $91$aEmpresa Pública de Noticias$4650$31994173 801 #0 $aPT$bBN$gRPC 966 ## $lBN$mFGJOR$pBiblioteca particular Leandro de Moraes Sarmento$sL.M.S. 304 $x3
|
|
|